LEADER 00988nam0-2200313---450- 001 990008863120403321 005 20090605134604.0 010 $a3598777175 035 $a000886312 035 $aFED01000886312 035 $a(Aleph)000886312FED01 035 $a000886312 100 $a20090605d2002----km-y0itay50------ba 101 0 $ager 102 $aDE 105 $ay-------001yy 200 1 $a<>Verbot der eigenmächtigen Besitzumwandlung im römischen Privatrecht$eein Beitrag zur rechtshistorischen Spruchregelforschung$fvon Richard Böhr 210 $aMünchen$cSaur$d2002 215 $aXVII, 297 p.$d24 cm 225 1 $aBeiträge zur Altertumskunde 676 $a346.3704$v20$zita 700 1$aBöhr,$bRichard$0505795 801 0$aIT$bUNINA$gRICA$2UNIMARC 901 $aBK 912 $a990008863120403321 952 $aX B 165$b2077$fNAP02 959 $aNAP02 996 $aVerbot der eigenmächtigen Besitzumwandlung im römischen Privatrecht$9804021 997 $aUNINA LEADER 01407nam0-22004331i-450- 001 990005509680203316 005 20030403120000.0 035 $a000550968 035 $aUSA01000550968 035 $a(ALEPH)000550968USA01 035 $a000550968 100 $a20030320d1996-------|0enac50------ba 101 $aeng 102 $aGB 105 $a|||| ||||| 200 1 $aLocal polynomial modelling and its application$fJ. Fan and I. Gijbels 210 $aLondon$cChapman Hall$d1996 215 $aXV, 341 p.$d22 cm 225 2$aMonographs on statistics and applied probability$v66 410 1$12001$aMonographs on statistics and applied probability$v66 606 $aStatistica nonparametrica$2FI 620 $dLondon 676 $a519.54$cInferenza statistica$v21 700 1$aFAN,$bJ.$0280564 701 1$aGIJBELS,$bI.$0614148 712 $aChampan & Hall 801 $aIT$bSOL$c20120104 912 $a990005509680203316 950 $aDIP.TO SCIENZE ECONOMICHE - (SA)$dDS 500 519.54 FAN$e11034 DISES 950 $aDIP.TO SCIENZE ECONOMICHE - (SA)$dDS 500 519.54 FAN$e10760 DISES 951 $a500 519.54 FAN$b10760 DISES 951 $a500 519.54 FAN$b11034 DISES 959 $aBK 969 $aDISES 979 $c20121027$lUSA01$h1532 979 $c20121027$lUSA01$h1613 996 $aLocal polynomial modelling and its application$91129635 997 $aUNISA NUM $aUSA11897 LEADER 01653nas 2200409 n 450 001 990008883930403321 005 20240229084333.0 011 $a0065-0900 035 $a000888393 035 $aFED01000888393 035 $a(Aleph)000888393FED01 035 $a000888393 091 $2CNR$aP 00090207 100 $a20161109a19629999km-y0itaa50------ba 101 0 $amul 102 $aIT 110 $aauu-------- 200 1 $aActa ad archaeologiam et artium historiam pertinentia 207 1$a1962- 210 $aRoma$cGiorgio Bretscneider 441 0$1001000888394$12001$aActa ad archaeologiam et artium historiam pertinentia. Series altera in 8 530 0 $aActa ad archaeologiam et artium historiam pertinentia 675 $a93 675 $a7 675 $a902 675 $a930 712 02$aINSTITUTUM ROMANUM NORVEGIAE 801 0$aIT$bACNP$c20090723 859 4 $uhttp://acnp.cib.unibo.it/cgi-ser/start/it/cnr/dc-p1.tcl?catno=59844&person=false&language=ITALIANO&libr=&libr_th=unina1$zBiblioteche che possiedono il periodico 901 $aSE 912 $a990008883930403321 958 $aBRAU. Biblioteca di Ricerca di Area Umanistica$b1962-$eItalia 409$fFLFBC 959 $aFLFBC 996 $aActa ad archaeologiam et artium historiam pertinentia$9802271 997 $aUNINA AP1 8 $6866-01$aNA072 BRAU. Biblioteca di Ricerca di Area Umanistica$bItalia 409$ePiazza Bellini 56/60, 80133 Napoli (NA)$m(081) 2533948$nit AP2 40$aacnp.cib.unibo.it$nACNP Italian Union Catalogue of Serials$uhttp://acnp.cib.unibo.it/cgi-ser/start/it/cnr/df-p.tcl?catno=59844&language=ITALIANO&libr=&person=&B=1&libr_th=unina&proposto=NO